Sustainability appraisal - delivering more sustainable regional planning guidance (Record no. 69744)

MARC details
000 -LEADER
fixed length control field 01301cam a2200265 4500
001 - CONTROL NUMBER
control field ABS65186
008 - FIXED-LENGTH DATA ELEMENTS--GENERAL INFORMATION
fixed length control field 020308n2002 000 0 eng u
035 ## - SYSTEM CONTROL NUMBER
System control number (Sirsi) u117059
100 ## - MAIN ENTRY--PERSONAL NAME
Personal name Counsell, D.
245 ## - TITLE STATEMENT
Title Sustainability appraisal - delivering more sustainable regional planning guidance
260 ## - PUBLICATION, DISTRIBUTION, ETC.
Date of publication, distribution, etc. 2002
490 ## - SERIES STATEMENT
Series statement Town & Country Planning
Volume/sequential designation 71(1) January 2002, 14-17(4)
520 ## - SUMMARY, ETC.
Summary, etc. Reports on findings of recent research on effectiveness of sustainability appraisal of regional planning guidance. Discusses the fact that sustainability appraisal is a method of policy appraisal which aims to ensure consideration of sustainable development objectives is ingrained in all stages of the strategy-making process. Concentrates on application of SA within regional planning guidance process, looking at practical applications, methodologies, use of SA in public examinations, and SA as device for integated decision-making.
590 ## - LOCAL NOTE (RLIN)
Local note ABS
650 ## - SUBJECT ADDED ENTRY--TOPICAL TERM
Topical term or geographic name entry element PLANNING GUIDANCE
650 ## - SUBJECT ADDED ENTRY--TOPICAL TERM
Topical term or geographic name entry element Sustainability
9 (RLIN) 6271
650 ## - SUBJECT ADDED ENTRY--TOPICAL TERM
Topical term or geographic name entry element ENVIRONMENTAL APPRAISAL
650 ## - SUBJECT ADDED ENTRY--TOPICAL TERM
Topical term or geographic name entry element REGIONAL PLANNING GUIDANCE
650 ## - SUBJECT ADDED ENTRY--TOPICAL TERM
Topical term or geographic name entry element PPG11
650 ## - SUBJECT ADDED ENTRY--TOPICAL TERM
Topical term or geographic name entry element SURVEYS
650 ## - SUBJECT ADDED ENTRY--TOPICAL TERM
Topical term or geographic name entry element RESEARCH
690 ## - LOCAL SUBJECT ADDED ENTRY--TOPICAL TERM (OCLC, RLIN)
Topical term or geographic name as entry element ENVIRONMENTAL AND LAND CONSULTANCY-PLANNING AND DEVELOPMENT
700 ## - ADDED ENTRY--PERSONAL NAME
Personal name Haughton, G.
942 ## - ADDED ENTRY ELEMENTS (KOHA)
Suppress in OPAC 0
Holdings
Withdrawn status Lost status Source of classification or shelving scheme Damaged status Not for loan Home library Current library Shelving location Date acquired Total Checkouts Full call number Barcode Date last seen Copy number Price effective from Koha item type
    Dewey Decimal Classification     London London Journal article 14/03/2002   ABS65186 117059-1001 06/08/2019 1 06/08/2019 Journal article